| 000 | 00599ngm a2200265 a 4500 | ||
|---|---|---|---|
| 003 | OSt | ||
| 005 | 20251020182653.0 | ||
| 008 | 240217s9999 xx 000 0 und d | ||
| 040 |
_aPE SENCICO BE _cPE SENCICO BE |
||
| 041 | _aspa | ||
| 082 | _aA025 | ||
| 245 | 0 | _aEl acero en la construcción / | |
| 245 | 0 | _cAceros Arequipa | |
| 260 | _aLima | ||
| 260 | _bAceros Arequipa | ||
| 260 | _c1998 | ||
| 300 | _a1 VIDEO | ||
| 300 | _bson., Col. | ||
| 300 | _c1:41' | ||
| 490 | _aCONCRETO Y ACERO ESTRUCTURAL | ||
| 650 | _aACERO | ||
| 651 | _aPERÚ | ||
| 910 | _aila. | ||
| 942 |
_cVID _2ddc |
||
| 999 |
_c4595 _d4595 |
||